Welcome to CU Library Online Public Access Catalogue (OPAC)

Access 2000 programming from the ground up / (Record no. 713)

MARC details
000 -LEADER
fixed length control field 00527cam a22001814a 4500
001 - CONTROL NUMBER
control field 11954408
005 - DATE AND TIME OF LATEST TRANSACTION
control field 20241106142724.0
008 - FIXED-LENGTH DATA ELEMENTS--GENERAL INFORMATION
fixed length control field 000325s1999 caua 001 0 eng
020 ## - INTERNATIONAL STANDARD BOOK NUMBER
International Standard Book Number 9780078825750
050 00 - LIBRARY OF CONGRESS CALL NUMBER
Classification number QA76.9.D3
Item number H47654 1999
082 00 - DEWEY DECIMAL CLASSIFICATION NUMBER
Classification number 005.75/65
Edition information 21
100 1# - MAIN ENTRY--PERSONAL NAME
Personal name Hentzen, Whil.
245 10 - TITLE STATEMENT
Title Access 2000 programming from the ground up /
Statement of responsibility, etc. Whil Hentzen.
260 ## - PUBLICATION, DISTRIBUTION, ETC.
Place of publication, distribution, etc. Berkeley :
Name of publisher, distributor, etc. Osborne/McGraw-Hill,
Date of publication, distribution, etc. c1999.
300 ## - PHYSICAL DESCRIPTION
Extent xxi, 490 p. :
Other physical details ill. ;
Dimensions 24 cm.
650 #0 - SUBJECT ADDED ENTRY--TOPICAL TERM
Topical term or geographic name entry element Database management.
942 ## - ADDED ENTRY ELEMENTS (KOHA)
Source of classification or shelving scheme Library of Congress Classification
Koha item type Books
Suppress in OPAC No
999 ## -
-- 713
-- 713
Holdings
Withdrawn status Lost status Source of classification or shelving scheme Damaged status Not for loan Collection Home library Current library Shelving location Date acquired Total checkouts Full call number Barcode Date last seen Copy number Price effective from Koha item type
    Library of Congress Classification     Non-fiction Science Library (Miotso) Science Library (Miotso) General stacks 11/06/2024   QA76.5 HEN SLM00000372 11/06/2024 1 11/06/2024 Books
© 2023-2024 Copyright: Central University Libraries. All Rights Reserved | Created by: Mahone Tech Office